[Event "N3"]
[Site "?"]
[Date "2003.03.23"]
[Round "5"]
[White "BONIOL Paul"]
[Black "PIGNERO Guillaume"]
[Result "0-1"]
[WhiteElo "1099"]
[BlackElo "1150"]
[PlyCount "22"]

1.e4 e5 2.Nf3 Nc6 3.Bb5 g6 4.d3 Bg7 5.Bg5 Nf6 6.Nc3 d6 7.Bxc6+ bxc6 8.d4 
exd4 9.Nxd4 Bg4 10.Nce2 O-O 11.e5 dxe5 0-1

[Event "N3"]
[Site "?"]
[Date "2003.03.23"]
[Round "6"]
[White "POUREAU Noemie"]
[Black "BOISRAME Paul"]
[Result "0-1"]
[WhiteElo "1099"]
[BlackElo "1420"]
[PlyCount "32"]

1.e4 e5 2.Nf3 Nc6 3.Nc3 Nf6 4.Bb5 Bc5 5.O-O d6 6.b3 Bg4 7.d3 O-O 8.Nh4 
Bxd1 9.Rxd1 Nd4 10.Be3 Nxc2 11.Rac1 Nxe3 12.fxe3 Bxe3+ 13.Kh1 Bxc1 14.Rxc1
Ng4 15.Nd1 Qxh4 16.Kg1 Qe1# 0-1

[Event "N3"]
[Site "?"]
[Date "2003.03.23"]
[Round "4"]
[White "LERICHE Luc"]
[Black "POUREAU Noemie"]
[Result "1-0"]
[WhiteElo "1250"]
[BlackElo "1099"]
[PlyCount "69"]

1.e4 e5 2.Nf3 Nc6 3.Bc4 Na5 4.Nxe5 Nh6 5.d3 Bd6 6.Bf4 O-O 7.Qd2 b6 8.O-O 
Nxc4 9.Nxc4 Be7 10.Bxh6 gxh6 11.Qxh6 Kh8 12.Nc3 f6 13.Nd5 Rf7 14.Nxe7 Rxe7
15.Qxf6+ Kg8 16.Ne5 Ba6 17.Qg5+ Kf8 18.Rae1 Qe8 19.Ng4 Rg7 20.Qh6 d6 21.
Re3 Kg8 22.Nf6+ Kf8 23.Nxe8 Rxe8 24.Rf3+ Kg8 25.Qf6 Rf7 26.Qxf7+ Kh8 27.
Qxe8+ Kg7 28.Qe6 Kh8 29.Rf7 Bb5 30.c4 Bc6 31.Rxc7 Ba4 32.b3 Bc6 33.Rxc6 
Kg7 34.Rc7+ Kf8 35.Qc8# 1-0

[Event "N3"]
[Site "?"]
[Date "2003.03.23"]
[Round "6"]
[White "PASTOR Quentin"]
[Black "JOUANNEAU Armand"]
[Result "0-1"]
[WhiteElo "1260"]
[BlackElo "1009"]
[PlyCount "64"]

1.d4 d5 2.c4 dxc4 3.e3 e5 4.Bxc4 Bb4+ 5.Nc3 Bxc3+ 6.bxc3 Nf6 7.Nf3 exd4 8.
cxd4 O-O 9.O-O Bg4 10.Ba3 Bxf3 11.Qxf3 c6 12.Bxf8 Qxf8 13.Rab1 b6 14.d5 
Nbd7 15.dxc6 Ne5 16.Qe4 Nxe4 17.Bd5 Nd2 18.c7 Rc8 19.Rbc1 Nxf1 20.Bb7 Nd3 
21.Rc3 Nd2 22.Bxc8 Qb4 23.h3 Qxc3 24.Ba6 Qxc7 25.Bxd3 Nc4 26.Kf1 b5 27.Ke2
a5 28.Kd1 Qd7 29.Kc2 Na3+ 30.Kc3 b4+ 31.Kb2 Qxd3 32.Ka1 Qb1# 0-1

[Event "N3"]
[Site "?"]
[Date "2003.03.23"]
[Round "6"]
[White "BONZOM Thomas"]
[Black "MALLE Bastien"]
[Result "1-0"]
[WhiteElo "1040"]
[BlackElo "1099"]
[PlyCount "85"]

1.c4 e5 2.e4 Nc6 3.Be2 Nf6 4.Nc3 Bc5 5.Nf3 O-O 6.O-O d6 7.d3 Be6 8.Bg5 h6 
9.Bd2 d5 10.cxd5 Bxd5 11.exd5 Nb4 12.Nxe5 Re8 13.Bf4 b6 14.Nc6 Qd7 15.Nxb4
Bxb4 16.a3 Ba5 17.b4 a6 18.bxa5 bxa5 19.a4 c6 20.dxc6 Qxc6 21.Bf3 Qc8 22.
Bxa8 Qxa8 23.Re1 Rc8 24.Re2 Rxc3 25.Rc1 Ra3 26.Bd6 Rb3 27.Qxb3 Ng4 28.f3 
Nf6 29.Rce1 Nh7 30.Re8+ Qxe8 31.Rxe8+ Nf8 32.Bxf8 Kh7 33.Ba3 g5 34.d4 f6 
35.d5 h5 36.Qd3+ f5 37.Qxf5+ Kh6 38.g4 h4 39.Re6+ Kg7 40.Qxg5+ Kh7 41.Qe7+
Kh8 42.Rxa6 Kg8 43.Ra8# 1-0

[Event "N3"]
[Site "?"]
[Date "2003.03.23"]
[Round "6"]
[White "BOVENCOVE Elian"]
[Black "GARBARSKY Dan"]
[Result "0-1"]
[WhiteElo "1200"]
[BlackElo "1009"]
[PlyCount "70"]

1.g3 e5 2.Bg2 Nf6 3.e4 Nc6 4.Ne2 d6 5.d3 Bg4 6.Bg5 h6 7.Nd2 hxg5 8.Bf3 
Bxf3 9.Nxf3 d5 10.Nc3 dxe4 11.dxe4 Ng4 12.h3 Nf6 13.Nb5 a6 14.Nc3 Bb4 15.
a3 Bxc3+ 16.bxc3 Qe7 17.c4 Nxe4 18.Qd5 Nc3 19.O-O Nxd5 20.Nd4 Nxd4 21.c3 
Nxc3 22.Rac1 Nde2+ 23.Kg2 Nxc1 24.Rxc1 Ne2 25.Rb1 b6 26.Kf3 Nd4+ 27.Ke4 
Nc2 28.h4 gxh4 29.gxh4 Qxh4+ 30.Kd3 Qxf2 31.Ke4 Nxa3 32.Rb3 Nxc4 33.Rb4 b5
34.Kd5 Rd8+ 35.Kc6 Qb6# 0-1

[Event "N3"]
[Site "?"]
[Date "2003.03.23"]
[Round "6"]
[White "PINAULT"]
[Black "SERRES Olivier"]
[Result "1-0"]
[WhiteElo "1530"]
[BlackElo "1410"]
[PlyCount "79"]

1.d4 d5 2.c4 c6 3.Nf3 Bf5 4.e3 Nf6 5.Nc3 e6 6.a3 Nbd7 7.Bd2 a6 8.Be2 dxc4 
9.Bxc4 b5 10.Bb3 Bd6 11.O-O O-O 12.Re1 Bb8 13.e4 Bg6 14.Bg5 Qc7 15.e5 Nd5 
16.Nxd5 cxd5 17.Rc1 Qb6 18.a4 Ba7 19.h3 Be4 20.Be3 f6 21.axb5 Qxb5 22.Ba4 
Qb7 23.Bc6 Qc8 24.Bxa8 Qxa8 25.Rc7 Nb6 26.exf6 Rxf6 27.Ne5 Bb8 28.Rc3 Nc4 
29.Nxc4 dxc4 30.f3 Bd3 31.b3 Qd5 32.bxc4 Bxc4 33.Qc1 Bg3 34.Rxc4 Bxe1 35.
Rc8+ Kf7 36.Qxe1 a5 37.Rc7+ Kg6 38.Ra7 e5 39.Rxa5 Qe6 40.Rxe5 1-0

[Event "N3"]
[Site "?"]
[Date "2003.03.23"]
[Round "4"]
[White "PASTOR Quentin"]
[Black "BAVENCOVE Elian"]
[Result "0-1"]
[WhiteElo "1250"]
[BlackElo "1200"]
[PlyCount "97"]

1.d4 g6 2.c4 Bg7 3.Nc3 d6 4.Bf4 e5 5.dxe5 dxe5 6.Qxd8+ Kxd8 7.Bg5+ f6 8.
Bd2 Bh6 9.Bxh6 Nxh6 10.e3 b6 11.Nf3 Nc6 12.Bd3 Nb4 13.Be4 Nc2+ 14.Bxc2 Rb8
15.O-O Bf5 16.Bxf5 gxf5 17.Nd5 f4 18.Nxf6 Nf5 19.exf4 exf4 20.Ne5 Ke7 21.
Nd5+ Ke6 22.Rfe1 c6 23.Nxf4+ Kf6 24.Nxc6 Rbe8 25.Rxe8 Rxe8 26.g3 Rc8 27.
Nxa7 Rxc4 28.Nd5+ Ke5 29.Nxb6 Nd4 30.Nxc4+ Kd5 31.b3 Nf3+ 32.Kg2 Ne5 33.
Nxe5 Kxe5 34.f4+ Kf5 35.Kf3 h5 36.h3 Ke6 37.Rd1 Kf6 38.Rd5 Ke6 39.Rxh5 Kf6
40.Kg4 Ke6 41.Nb5 Kd7 42.Rh6 Ke7 43.Kf5 Kf7 44.Rh7+ Kg8 45.Ra7 Kf8 46.Ke6 
Kg8 47.Kf6 Kh8 48.Kg6 Kg8 49.Ra8# 0-1

[Event "N3"]
[Site "?"]
[Date "2003.03.23"]
[Round "5"]
[White "BONZOM Thomas"]
[Black "SOUAN Jimmy"]
[Result "0-1"]
[WhiteElo "1040"]
[BlackElo "1160"]
[PlyCount "128"]

1.c4 e5 2.Nf3 Nc6 3.e4 d6 4.Nc3 Bg4 5.Be2 Nf6 6.O-O Be7 7.d4 exd4 8.Nxd4 
Bxe2 9.Ncxe2 O-O 10.Nf4 Nxe4 11.Nfe6 Qd7 12.Nxf8 Rxf8 13.Nxc6 Qxc6 14.b3 
Bf6 15.Qc2 Bxa1 16.Re1 Nc3 17.Re3 h6 18.Bb2 Bxb2 19.Qxb2 Nd1 20.Qd2 Nxe3 
21.Qxe3 Re8 22.Qc1 Qe4 23.h3 Re5 24.Qf1 Qe1 25.Qxe1 Rxe1+ 26.Kh2 Re2 27.a4
b6 28.b4 f5 29.a5 bxa5 30.bxa5 Rc2 31.f3 Rxc4 32.g4 d5 33.gxf5 d4 34.Kg2 
Rc2+ 35.Kf1 d3 36.Ke1 Kf7 37.Kd1 c5 38.a6 c4 39.h4 c3 40.h5 Rb2 41.Kc1 d2+
42.Kd1 c2+ 43.Kxd2 Kf6 44.Kc1 Ra2 45.f4 Kxf5 46.Kd2 Kxf4 47.Kc1 Ke4 48.Kd2
Kd4 49.Kc1 Kc4 50.Kd2 Kb3 51.Kc1 Ra1+ 52.Kd2 c1=Q+ 53.Kd3 Qc3+ 54.Ke4 Kc4 
55.Kf5 g5 56.hxg6 Rf1+ 57.Ke6 Qf6+ 58.Kd7 Rb1 59.g7 Qxg7+ 60.Kd6 Qg5 61.
Kc6 Rb6+ 62.Kc7 Qg7+ 63.Kc8 Rf6 64.Kb8 Rf8# 0-1

[Event "N3"]
[Site "?"]
[Date "2003.03.23"]
[Round "5"]
[White "ESCOLE Pierre-Jean"]
[Black "GARBARSKY Dan"]
[Result "1-0"]
[WhiteElo "1360"]
[BlackElo "1009"]
[PlyCount "27"]

1.e4 e5 2.Nf3 Nc6 3.Bc4 d6 4.h3 Nf6 5.d3 Be6 6.Nc3 Bxc4 7.dxc4 Be7 8.Ng5 
O-O 9.c5 dxc5 10.Qf3 Nb4 11.Qe2 Nh5 12.Qxh5 Nxc2+ 13.Kf1 Nxa1 14.Qxh7# 1-0

[Event "N3"]
[Site "?"]
[Date "2003.03.23"]
[Round "4"]
[White "CALIA Gerard"]
[Black "JOUANNEAU Armand"]
[Result "0-1"]
[WhiteElo "1099"]
[BlackElo "1009"]
[PlyCount "64"]

1.e4 e5 2.Nf3 Nc6 3.Bc4 Bc5 4.Ng5 Qxg5 5.O-O Nf6 6.Nc3 Bd4 7.h3 Bxc3 8.Qe2
Nd4 9.Qd3 Nxc2 10.Qxc2 Bd4 11.d3 Qh5 12.Bb3 O-O 13.Bxf7+ Qxf7 14.Qe2 Qg6 
15.Qd2 d6 16.Qc2 Rf7 17.a4 Be6 18.b3 Bxa1 19.Qa2 Bc3 20.Be3 Re7 21.Qc2 Bd4
22.Re1 Bxe3 23.Rxe3 d5 24.Qc5 Qe8 25.exd5 Nxd5 26.Rxe5 c6 27.b4 Bd7 28.d4 
Rxe5 29.dxe5 Qxe5 30.b5 cxb5 31.axb5 Rc8 32.Qxa7 Rc1# 0-1

[Event "N3"]
[Site "?"]
[Date "2003.03.23"]
[Round "6"]
[White "Souan , Jimmy"]
[Black "De Oliviera, Benoit"]
[Result "1-0"]
[WhiteElo "1160"]
[BlackElo "1099"]
[EventDate "2003.??.??"]
[PlyCount "41"]

1.e4 e5 2.Nc3 Nf6 3.Nf3 Nc6 4.Bb5 a6 5.Bxc6 bxc6 6.Nxe5 Be7 7.d3 d6 8.Nxc6
Qd7 9.Nxe7 Kxe7 10.O-O Re8 11.Nd5+ Kd8 12.Nxf6 gxf6 13.Qf3 Rg8 14.Qxf6+ 
Ke8 15.Qh6 Qa4 16.Qxh7 Kf8 17.Bh6+ Rg7 18.Qxg7+ Ke8 19.Bg5 Qxc2 20.Qf6 
Qxd3 21.Qe7# 1-0

[Event "N3"]
[Site "?"]
[Date "2003.03.23"]
[Round "6"]
[White "Meynier , Alexis"]
[Black "Rouviere, Thomas"]
[Result "0-1"]
[WhiteElo "1099"]
[BlackElo "1190"]
[EventDate "2003.??.??"]
[PlyCount "58"]

1.e4 d6 2.Bc4 Nf6 3.Nc3 g6 4.Nf3 Bg7 5.O-O c6 6.d4 b5 7.Bb3 Ba6 8.Bf4 b4 
9.Re1 bxc3 10.Ba4 cxb2 11.Rb1 Qb6 12.d5 O-O 13.dxc6 Nxc6 14.Be3 Qb7 15.Bf4
Qb6 16.e5 dxe5 17.Bxe5 Nxe5 18.Nxe5 Rfd8 19.Qe2 Bxe2 20.Rxe2 Qd4 21.Nd3 
Qxa4 22.Nc5 Qc4 23.Re5 Qxc2 24.Ree1 Qxc5 25.Rxb2 Ng4 26.Rf1 Bxb2 27.h3 Ne5
28.a4 Nc4 29.Re1 Be5 0-1

[Event "N3"]
[Site "?"]
[Date "2003.03.23"]
[Round "6"]
[White "Martin de la Moutte, Paul"]
[Black "Hage, Vincent"]
[Result "1-0"]
[WhiteElo "1099"]
[BlackElo "1009"]
[EventDate "2003.??.??"]
[PlyCount "59"]

1.c4 e5 2.Nc3 Bc5 3.Nf3 Nc6 4.g3 Nf6 5.Bg2 e4 6.Ng5 Ng4 7.Ngxe4 b6 8.Nxc5 
bxc5 9.b3 Qf6 10.O-O Qh6 11.h3 Nce5 12.d4 cxd4 13.Bxh6 gxh6 14.Qxd4 Nc6 
15.Qxh8+ Ke7 16.Nd5+ Kd6 17.Qf8+ Ke5 18.Qxf7 Nd4 19.Qf4+ Ke6 20.Qxg4+ Ke5 
21.Rad1 c5 22.Qe4+ Kd6 23.Rxd4 cxd4 24.Qxd4 Bb7 25.Nb6+ Ke6 26.Qxd7+ Kf6 
27.Nxa8 Bxg2 28.Kxg2 Kg5 29.Qf7 a5 30.f4# 1-0

[Event "N3"]
[Site "?"]
[Date "2003.03.23"]
[Round "6"]
[White "Leriche, Luc"]
[Black "Prest, Arnaud"]
[Result "1/2-1/2"]
[WhiteElo "1250"]
[BlackElo "1280"]
[EventDate "2003.??.??"]
[PlyCount "77"]

1.e4 e5 2.Nf3 Nc6 3.Bc4 Bc5 4.d3 Nf6 5.Nc3 d6 6.O-O O-O 7.Bd2 Bd7 8.Qe2 
Bg4 9.Be3 Bd4 10.h3 Bxf3 11.Qxf3 Bxe3 12.fxe3 Nb4 13.Rac1 a6 14.a3 Nc6 15.
Bd5 Nxd5 16.Nxd5 Ne7 17.Nxe7+ Qxe7 18.Qg4 Qe6 19.Qxe6 fxe6 20.Rxf8+ Rxf8 
21.Rf1 h5 22.Rxf8+ Kxf8 23.Kf2 Kf7 24.Kf3 g5 25.d4 exd4 26.exd4 d5 27.e5 
Kg6 28.g4 h4 29.b3 b5 30.a4 bxa4 31.bxa4 Kf7 32.Ke3 Ke7 33.Kd3 Kd7 34.Kc3 
Kc6 35.Kb4 Kb6 36.Ka3 c5 37.c3 c4 38.Kb4 a5+ 39.Ka3 1/2-1/2

[Event "N3"]
[Site "?"]
[Date "2003.03.23"]
[Round "6"]
[White "Kissoum, Mehdi"]
[Black "Moreau, Maximilien"]
[Result "1-0"]
[WhiteElo "1009"]
[BlackElo "1330"]
[EventDate "2003.??.??"]
[PlyCount "63"]

1.e4 c6 2.Nf3 d5 3.e5 f6 4.exf6 exf6 5.Nc3 Bb4 6.a3 Bxc3 7.dxc3 Ne7 8.Bf4 
O-O 9.Nh4 g5 10.Bxb8 Rxb8 11.Nf3 Bg4 12.h3 Bh5 13.Bd3 Re8 14.O-O Bg6 15.
Bxg6 Nxg6 16.Qd4 a6 17.Rae1 Rxe1 18.Rxe1 Kg7 19.c4 dxc4 20.Qxc4 Qd5 21.Qb4
Nf4 22.Re4 Qd1+ 23.Kh2 Qxc2 24.Qe7+ Kg6 25.Kg3 Qxb2 26.h4 Nd5 27.Qe6 gxh4+
28.Nxh4+ Kg7 29.Rg4+ Kh8 30.Qf7 Qxa3+ 31.Kh2 Qf8 32.Ng6+ 1-0

[Event "N3"]
[Site "?"]
[Date "2003.03.23"]
[Round "6"]
[White "Eb-Lavadoux, Yvan"]
[Black "Treinsoutrot, Arthur"]
[Result "1-0"]
[WhiteElo "1199"]
[BlackElo "1030"]
[EventDate "2003.??.??"]
[PlyCount "45"]

1.e4 e5 2.Nf3 Nc6 3.Bb5 Bc5 4.Nc3 Nf6 5.d3 d6 6.Bg5 Bg4 7.Nd5 O-O 8.h3 Nd4
9.hxg4 c6 10.Nxf6+ gxf6 11.Nxd4 Bxd4 12.Bxc6 bxc6 13.Bh6 Qa5+ 14.c3 Rfb8 
15.O-O Bc5 16.b4 Bxb4 17.cxb4 Rxb4 18.Qf3 Qd8 19.Rab1 Rxb1 20.Rxb1 d5 21.
Rb7 Rb8 22.Qxf6 Qf8 23.Rxb8 1-0

[Event "N3"]
[Site "?"]
[Date "2003.03.23"]
[Round "6"]
[White "Charles, Thomas"]
[Black "Pignero, Guillaume"]
[Result "0-1"]
[WhiteElo "1009"]
[BlackElo "1150"]
[EventDate "2003.??.??"]
[PlyCount "44"]

1.e4 e5 2.Bc4 b6 3.Qf3 Nh6 4.d3 g6 5.Qg3 Bg7 6.Nf3 Bb7 7.Bg5 Qc8 8.Bxh6 
Bxh6 9.Nxe5 d6 10.Nxf7 Rf8 11.Nxh6 Qd7 12.O-O Nc6 13.Bb5 O-O-O 14.Nc3 Qg7 
15.Bxc6 Bxc6 16.Rae1 Qxh6 17.Re3 g5 18.Qh3+ Qxh3 19.gxh3 Rf4 20.e5 dxe5 
21.Rxe5 g4 22.hxg4 Rxg4# 0-1

[Event "N3"]
[Site "?"]
[Date "2003.03.23"]
[Round "6"]
[White "Boniol, Paul"]
[Black "Charles, Yohann"]
[Result "0-1"]
[WhiteElo "1099"]
[BlackElo "1140"]
[EventDate "2003.??.??"]
[PlyCount "82"]

1.e4 e5 2.Nf3 Nc6 3.Bb5 Nf6 4.Nc3 Bc5 5.Bxc6 dxc6 6.Nxe5 O-O 7.O-O Qe8 8.
d4 Bb6 9.Bg5 Nd7 10.Nxd7 Qxd7 11.d5 f6 12.Bh4 g5 13.dxc6 Qxd1 14.Raxd1 
gxh4 15.cxb7 Bxb7 16.Rd7 Ba6 17.Nd5 Bb5 18.Nxf6+ Rxf6 19.g3 h3 20.e5 Rf5 
21.Rfd1 Bxd7 22.Rxd7 Rxe5 23.Rd1 Rae8 24.Kf1 Ba5 25.f4 Re1+ 26.Rxe1 Rxe1+ 
27.Kf2 Ra1 28.c3 Rxa2 29.g4 Rxb2+ 30.Kg3 Bxc3 31.Kxh3 a5 32.g5 a4 33.Kh4 
Rxh2+ 34.Kg3 Rd2 35.f5 a3 36.g6 hxg6 37.fxg6 a2 38.Kg4 a1=Q 39.Kg5 Rf2 40.
Kh6 Rg2 41.Kh5 Qh1# 0-1

[Event "N3"]
[Site "?"]
[Date "2003.03.23"]
[Round "5"]
[White "Treinsoutrot, Victor"]
[Black "Leriche, Luc"]
[Result "0-1"]
[WhiteElo "1110"]
[BlackElo "125"]
[EventDate "2003.??.??"]
[PlyCount "56"]

1.e4 e5 2.Nf3 Nc6 3.Bb5 f6 4.O-O Bc5 5.Bxc6 bxc6 6.d3 Ne7 7.Be3 Bxe3 8.
fxe3 O-O 9.d4 Ba6 10.Rf2 Qb8 11.b3 d6 12.Nc3 Qb4 13.Qd2 c5 14.dxc5 Qxc5 
15.Nd5 Nxd5 16.exd5 Bb7 17.c4 c6 18.dxc6 Bxc6 19.Rd1 Rad8 20.Qd3 e4 21.Qc2
exf3 22.gxf3 Qxe3 23.Rd3 Qe1+ 24.Rf1 Qe5 25.Kh1 Rfe8 26.Rg1 Qe2 27.Rd2 
Bxf3+ 28.Rg2 Qf1# 0-1

[Event "N3"]
[Site "?"]
[Date "2003.03.23"]
[Round "5"]
[White "Serres, Olivier"]
[Black "Moreau, Maximilien"]
[Result "1-0"]
[WhiteElo "1410"]
[BlackElo "1330"]
[EventDate "2003.??.??"]
[PlyCount "41"]

1.e4 c6 2.d4 d5 3.e5 Bf5 4.f4 f6 5.Bd3 Bxd3 6.Qxd3 Nd7 7.Nf3 c5 8.e6 c4 9.
exd7+ Qxd7 10.Qe3 Rc8 11.Nc3 e6 12.Bd2 Be7 13.h3 f5 14.Ne5 Qd8 15.O-O-O 
Nf6 16.Rdg1 O-O 17.g4 fxg4 18.hxg4 Ne4 19.Nxe4 dxe4 20.Qxe4 Bd6 21.Qxh7# 
1-0

[Event "N3"]
[Site "?"]
[Date "2003.03.23"]
[Round "5"]
[White "Moreau, Emilien"]
[Black "Meynier, Alexis"]
[Result "1-0"]
[WhiteElo "1199"]
[BlackElo "1099"]
[EventDate "2003.??.??"]
[PlyCount "55"]

1.c4 e5 2.Nf3 Nc6 3.d4 Bd6 4.Bg5 Nge7 5.e3 O-O 6.c5 h6 7.cxd6 cxd6 8.Bxe7 
Qxe7 9.Bc4 e4 10.Nfd2 a6 11.O-O b5 12.Bd5 Nb4 13.Bxa8 Qe6 14.Nc3 d5 15.a3 
Nd3 16.Bxd5 Qf5 17.Bxe4 Qg5 18.Bxd3 Bb7 19.Nf3 Qh5 20.Be4 Bc8 21.Nd5 Re8 
22.Qc2 a5 23.Rac1 b4 24.Qxc8 f6 25.Ne7+ Kf7 26.Qxe8+ Kxe8 27.Bg6+ Kxe7 28.
Bxh5 1-0

[Event "N3"]
[Site "?"]
[Date "2003.03.23"]
[Round "5"]
[White "Lefauqueur, Anna"]
[Black "Malle, Bastien"]
[Result "1/2-1/2"]
[WhiteElo "1160"]
[BlackElo "1099"]
[EventDate "2003.??.??"]
[PlyCount "79"]

1.e4 e5 2.Nf3 Nc6 3.Bc4 Nf6 4.Nc3 Bc5 5.Ng5 O-O 6.a3 d6 7.b4 Be6 8.Bxe6 
fxe6 9.Nxe6 Qe7 10.Ng5 Bb6 11.Na4 Bd4 12.c3 Bb6 13.d3 a5 14.b5 Na7 15.c4 
h6 16.Nf3 c6 17.Nxb6 Rab8 18.bxc6 bxc6 19.Na4 c5 20.Bd2 Nc6 21.Nh4 g6 22.
Nxg6 Qf7 23.Nh4 Qe6 24.Bxh6 Rf7 25.O-O Qg4 26.Nf3 Qh5 27.Be3 Rh7 28.Bg5 
Ne8 29.Be3 Nf6 30.Bg5 Ng4 31.h3 Na7 32.Be7 Rxe7 33.Nc3 Qe8 34.Nd5 Reb7 35.
hxg4 Qg6 36.Nh4 Qh6 37.g3 Rb1 38.Rxb1 Rxb1 39.Qxb1 Nc6 40.Qb6 1/2-1/2

[Event "N3"]
[Site "?"]
[Date "2003.03.23"]
[Round "5"]
[White "Jouanneau, Armand"]
[Black "Folgueral, Thomas"]
[Result "0-1"]
[WhiteElo "1009"]
[BlackElo "1210"]
[EventDate "2003.??.??"]
[PlyCount "95"]

1.e4 e5 2.Nf3 d5 3.Nxe5 dxe4 4.d3 f6 5.Ng4 f5 6.Ne5 Bd6 7.d4 Bxe5 8.dxe5 
Nc6 9.Qxd8+ Kxd8 10.Bb5 Nxe5 11.Bf4 Ng6 12.Bg5+ N8e7 13.Bxe7+ Nxe7 14.O-O 
c6 15.Rd1+ Bd7 16.Bc4 Kc7 17.Nc3 Rhf8 18.Rd2 e3 19.fxe3 f4 20.Rad1 Bg4 21.
Rf1 fxe3 22.Rxf8 Rxf8 23.Rd4 e2 24.Bxe2 Bxe2 25.Nxe2 Nf5 26.Rf4 g5 27.Rf2 
Rf7 28.h3 Nh6 29.Nc3 Re7 30.a4 g4 31.h4 g3 32.Rf3 Ng4 33.Rf1 Nh2 34.Rd1 
Rf7 35.Ne2 Rf2 36.Nxg3 Ng4 37.Rd4 h5 38.Nxh5 Rf5 39.Rxg4 Rxh5 40.Rg7+ Kb6 
41.a5+ Kxa5 42.Rxb7 Rxh4 43.Rxa7+ Kb6 44.Ra4 Rxa4 45.Kf2 Ra2 46.g4 Rxb2 
47.Kf3 Rxc2 48.g5 0-1

[Event "N3"]
[Site "?"]
[Date "2003.03.23"]
[Round "5"]
[White "Bavencove, Elian"]
[Black "Levadoux, Yvan"]
[Result "0-1"]
[WhiteElo "1200"]
[BlackElo "1199"]
[EventDate "2003.??.??"]
[PlyCount "74"]

1.g3 d5 2.Bg2 e5 3.d3 Nc6 4.e4 d4 5.Ne2 Bg4 6.O-O Qd7 7.b3 Bh3 8.Ba3 Bxa3 
9.Nxa3 Bxg2 10.Kxg2 f5 11.exf5 Qxf5 12.Nb5 O-O-O 13.c3 a6 14.a4 axb5 15.
axb5 Nce7 16.f3 dxc3 17.g4 Qxd3 18.Nxc3 Qxd1 19.Rfxd1 Rxd1 20.Rxd1 Nf6 21.
g5 Nf5 22.gxf6 Ne3+ 23.Kf2 Nxd1+ 24.Ke2 Nxc3+ 25.Kd3 Nxb5 26.fxg7 Rg8 27.
Ke4 Rxg7 28.Kxe5 Rg5+ 29.Ke6 Nd4+ 30.Kf6 Rf5+ 31.Kg7 Kd7 32.h4 Ke7 33.Kxh7
Kf7 34.Kh6 Nxf3 35.h5 b6 36.b4 b5 37.Kh7 Rxh5# 0-1

[Event "N3"]
[Site "?"]
[Date "2003.03.23"]
[Round "4"]
[White "Souan, Jimmy"]
[Black "Lefauqueur, Anna"]
[Result "0-1"]
[WhiteElo "1100"]
[BlackElo "1160"]
[EventDate "2003.??.??"]
[PlyCount "64"]

1.e4 e5 2.d3 Nf6 3.Bg5 Be7 4.Nf3 Nc6 5.Nbd2 d6 6.Be2 d5 7.O-O h6 8.Bh4 g5 
9.Bg3 d4 10.Nc4 Bd6 11.Nxd6+ Qxd6 12.a3 Qe7 13.b4 Nh7 14.b5 Nd8 15.Bxe5 f6
16.Bxd4 g4 17.Nh4 h5 18.Ng6 Qg7 19.Nxh8 Qxh8 20.Qb1 Ne6 21.Bc3 Neg5 22.Qb2
h4 23.Bxf6 Nxf6 24.e5 Nh5 25.Rab1 h3 26.gxh3 Nxh3+ 27.Kg2 N5f4+ 28.Kg3 
Nxe2+ 29.Kg2 Qg8 30.Rfe1 Qd5+ 31.Kf1 Nef4 32.Qb4 Qh1# 0-1

[Event "N3"]
[Site "?"]
[Date "2003.03.23"]
[Round "4"]
[White "Moreau, Maximilien"]
[Black "Prest, Arnaud"]
[Result "0-1"]
[WhiteElo "1330"]
[BlackElo "1280"]
[EventDate "2003.??.??"]
[PlyCount "60"]

1.c4 e5 2.d3 Nf6 3.g3 d6 4.Bg2 Be7 5.Nf3 Nc6 6.Nc3 Be6 7.e4 O-O 8.O-O a6 
9.Be3 Ng4 10.Re1 Nxe3 11.Rxe3 Nd4 12.Nd5 Bxd5 13.cxd5 Bg5 14.Nxg5 Qxg5 15.
Rc1 c6 16.dxc6 bxc6 17.Bf3 Rab8 18.b3 c5 19.Rc4 a5 20.Qd2 Nxf3+ 21.Rxf3 
Qxd2 22.Kg2 Qxa2 23.Ra4 Qxb3 24.Rxa5 Ra8 25.d4 Qb4 26.Rxa8 Rxa8 27.dxc5 
Qxc5 28.Rf5 Qd4 29.f3 g6 30.Rg5 Qd2+ 0-1

[Event "N3"]
[Site "?"]
[Date "2003.03.23"]
[Round "4"]
[White "Mertin de la Moute, Paul"]
[Black "Bonzom, Thomas"]
[Result "1-0"]
[WhiteElo "1099"]
[BlackElo "1040"]
[EventDate "2003.??.??"]
[PlyCount "71"]

1.c4 c5 2.Nc3 e5 3.Nf3 Nc6 4.g3 d6 5.Bg2 Nf6 6.e3 Be7 7.O-O O-O 8.d4 e4 9.
Ng5 Ng4 10.Ngxe4 Nh6 11.b3 Bg4 12.Bf3 Bh3 13.Bg2 Bd7 14.Nd5 Nf5 15.Nxe7+ 
Nfxe7 16.dxc5 dxc5 17.Nxc5 Bc8 18.Bb2 Nb4 19.Qxd8 Rxd8 20.Nxb7 Rd2 21.Bc3 
Rxa2 22.Bxb4 Rb2 23.Bxe7 Rxb3 24.Nc5 Bf5 25.Nxb3 Re8 26.Rxa7 Bd3 27.Rd1 
Bc2 28.Bc6 Bxd1 29.Bxe8 g6 30.Nc5 Kg7 31.Bg5 h6 32.Rxf7+ Kg8 33.Bxh6 Bf3 
34.Rg7+ Kf8 35.Bxg6 Be4 36.Ne6# 1-0

[Event "N3"]
[Site "?"]
[Date "2003.03.23"]
[Round "4"]
[White "Levadoux, Yvan"]
[Black "Escole, Pierre-Jean"]
[Result "1-0"]
[WhiteElo "1199"]
[BlackElo "1360"]
[EventDate "2003.??.??"]
[PlyCount "63"]

1.e4 e5 2.Nf3 Nc6 3.Bb5 a6 4.Ba4 b5 5.Bb3 d6 6.Bd5 Bb7 7.Bxc6+ Bxc6 8.d3 
Nf6 9.Bg5 h6 10.Bxf6 Qxf6 11.Nc3 b4 12.Ne2 Qg6 13.O-O Be7 14.Re1 Bd7 15.
Ng3 h5 16.h4 Bg4 17.c3 c5 18.d4 Qe6 19.Qd3 c4 20.Qe3 b3 21.axb3 cxb3 22.
Ra5 Bf6 23.Ng5 Qe7 24.Nf5 Qf8 25.f3 Bxf5 26.exf5 Qe7 27.dxe5 Bxg5 28.hxg5 
O-O 29.f6 gxf6 30.gxf6 Qd8 31.Qh6 Qxa5 32.Qg7# 1-0

[Event "N3"]
[Site "?"]
[Date "2003.03.23"]
[Round "4"]
[White "Folgueral, Thomas"]
[Black "Treinsoutrot , Arthur"]
[Result "0-1"]
[WhiteElo "1210"]
[BlackElo "1030"]
[EventDate "2003.??.??"]
[PlyCount "56"]

1.e4 e5 2.Nf3 Nc6 3.d4 d6 4.Bc4 Be6 5.d5 Bg4 6.dxc6 bxc6 7.O-O Nf6 8.Re1 
d5 9.exd5 cxd5 10.Bb5+ Bd7 11.Rxe5+ Be7 12.Nc3 Ng4 13.Nd4 Nxe5 14.Qh5 Bd6 
15.Bg5 Qc8 16.Nxd5 Bxb5 17.Nxb5 Qb7 18.Nxd6+ cxd6 19.Nf4 Qxb2 20.Rd1 Qxc2 
21.Rxd6 Rb8 22.Re6+ Kf8 23.Ng6+ fxg6 24.g3 gxh5 25.Be7+ Kf7 26.Rxe5 Rb1+ 
27.Kg2 Rb2 28.Rf5+ Qxf5 0-1

[Event "N3"]
[Site "?"]
[Date "2003.03.23"]
[Round "6"]
[White "ESCOLE Pierre-Jean"]
[Black "GERARD Celia"]
[Result "1-0"]
[WhiteElo "1360"]
[BlackElo "1099"]
[PlyCount "41"]

1.e4 e5 2.Nf3 Nc6 3.Bc4 Bc5 4.Nc3 Nf6 5.d3 O-O 6.Bg5 d6 7.Qe2 Qd7 8.Bxf6 
Qg4 9.h3 Qxg2 10.O-O-O Bxh3 11.Nh4 Bb4 12.Nxg2 Bxg2 13.Rhg1 Bh3 14.Nd5 
Rac8 15.Qf3 Be6 16.Qg3 Bg4 17.Qxg4 g6 18.Qh4 Nd4 19.Qh6 Nf5 20.Ne7+ Nxe7 
21.Qg7# 1-0

[Event "Tarbes Open 2003"]
[Site "?"]
[Date "2003.04.??"]
[Round "4"]
[White "Janotta, Patrick"]
[Black "Join, Etienne"]
[Result "1-0"]
[WhiteElo "2134"]
[BlackElo "1480"]
[EventDate "2003.05.01"]
[PlyCount "39"]
[SourceDate "2003.05.01"]

1.e4 e5 2.Nf3 Nc6 3.d4 exd4 4.Nxd4 Bc5 5.Be3 Bxd4 6.Bxd4 Nf6 7.Nc3 Qe7 8.
Bxf6 Qxf6 9.Bc4 d6 10.O-O Be6 11.Nd5 Bxd5 12.exd5 Na5 13.Qe1+ Kd7 14.Qxa5 
Qxb2 15.Rab1 Qxc2 16.Rfc1 Qe4 17.Bd3 Qxd3 18.Qxc7+ Ke8 19.Re1+ Kf8 20.Qe7+
1-0

[Event "Tarbes Open 2003"]
[Site "?"]
[Date "2003.04.??"]
[Round "5"]
[White "Rundstrom, Douglas"]
[Black "Jossien, Remy"]
[Result "0-1"]
[WhiteElo "2030"]
[BlackElo "2181"]
[EventDate "2003.05.01"]
[PlyCount "88"]
[SourceDate "2003.05.01"]

1.d4 d5 2.c4 e5 3.dxe5 d4 4.Nf3 Nc6 5.g3 Bg4 6.Bg2 Qd7 7.O-O O-O-O 8.a3 
Nge7 9.Qa4 Kb8 10.Nbd2 Ng6 11.Re1 h5 12.Ne4 Qf5 13.Neg5 h4 14.h3 Bxf3 15.
exf3 hxg3 16.fxg3 Ncxe5 17.f4 Nd7 18.Be4 Qf6 19.Bxg6 fxg6 20.Re6 Nc5 21.
Rxf6 Nxa4 22.Rxg6 d3 23.Bd2 Bc5+ 24.Kf1 Rde8 25.b3 Re2 26.bxa4 Rxd2 27.Ne4
Rxh3 28.Nxd2 Rh1+ 29.Kg2 Rxa1 30.Rxg7 b6 31.Rg8+ Kb7 32.Rd8 Rxa3 33.Kf3 
Bb4 34.Ke3 Rxa4 35.Ne4 d2 36.Nxd2 Ra1 37.Nf3 a5 38.Rd3 a4 39.Ke4 a3 40.Rb3
Bc5 41.Kf5 Rf1 42.Nd2 a2 43.Nxf1 a1=Q 44.Nd2 Qd1 0-1

[Event "Tarbes Open 2003"]
[Site "?"]
[Date "2003.04.??"]
[Round "5"]
[White "Brunel, Julien"]
[Black "Hostekind, 1990."]
[Result "1-0"]
[WhiteElo "1910"]
[BlackElo "1990"]
[EventDate "2003.05.01"]
[PlyCount "61"]
[SourceDate "2003.05.01"]

1.e4 d5 2.exd5 Nf6 3.Bb5+ Bd7 4.Be2 Nxd5 5.d4 Bf5 6.a3 e6 7.c4 Nf6 8.Nf3 
Be7 9.Nc3 O-O 10.O-O h6 11.Bd3 Bxd3 12.Qxd3 Nbd7 13.b4 c5 14.dxc5 a5 15.
Bb2 Qc8 16.Ne4 Rd8 17.Nd6 Qc7 18.Nb5 Qc8 19.Qe2 b6 20.Ne5 bxc5 21.Nxd7 
Nxd7 22.bxa5 Rxa5 23.a4 Nb6 24.Bc3 Rxa4 25.Rxa4 Nxa4 26.Ba5 Re8 27.Qc2 Qa6
28.Qxa4 Ra8 29.Ra1 Bd8 30.Qd1 Bxa5 31.Nc7 1-0

[Event "Tarbes Open 2003"]
[Site "?"]
[Date "2003.04.??"]
[Round "5"]
[White "Dufeal, Julien"]
[Black "San Sebastian, Patrice"]
[Result "1-0"]
[WhiteElo "2141"]
[BlackElo "1950"]
[EventDate "2003.05.01"]
[PlyCount "57"]
[SourceDate "2003.05.01"]

1.d4 Nf6 2.c4 g6 3.Nc3 d5 4.Nf3 Bg7 5.cxd5 Nxd5 6.e4 Nxc3 7.bxc3 O-O 8.Be2
c5 9.O-O Nc6 10.Be3 Bg4 11.d5 Bxf3 12.Bxf3 Ne5 13.Be2 Qa5 14.Qb3 Rab8 15.
Rac1 Rfc8 16.f4 c4 17.Qb4 Qxb4 18.cxb4 Nd3 19.Bxd3 cxd3 20.Rfd1 Rc2 21.
Rxd3 Rxa2 22.Rc7 b6 23.Rxe7 a5 24.d6 Kf8 25.Rc7 Bf6 26.d7 Rd8 27.Rc8 axb4 
28.Bxb6 Ra8 29.Bxd8 1-0